000
00235nmm a2200085Ia 4500
008
220120s9999||||xx |||||||||||||||||und||
100
_a
Vision Interactive System
245
0
_a
Analog Electronics
260
_a
Vision Interactive System
_c
2012
999
_c
139719
_d
139719